000 00253nam a22001217a 4500
040 _cSK
082 _a664
100 _aNA
245 _aA guide to calculating the shelf life of foods
260 _aNew zealand
_bNA
_c2005
300 _a27p.
942 _cEK
999 _c8856
_d8856